[Event "FRA-chT Top 12 (Women)"]
[Site "Montpellier"]
[Date "2012.01.20"]
[Round "?"]
[White "Rudolf, Anna"]
[Black "Delorme, Laurie"]
[Result "1-0"]
[WhiteElo "2333"]
[BlackElo "2237"]
[PlyCount "91"]
[EventDate "2012.01.20"]
[EventType "team-match"]
[EventRounds "3"]
[EventCountry "FRA"]
[SourceTitle "EXT 2014"]
[Source "ChessBase"]
[SourceDate "2013.11.20"]
[SourceVersion "1"]
[SourceVersionDate "2013.11.20"]
[SourceQuality "1"]

1. e4 e5 2. Nf3 Nc6 3. Bb5 a6 4. Ba4 Nf6 5. d3 b5 6. Bb3 Be7 7. a4 b4 8. a5 0-0 9. 0-0 d6 10. h3 h6 11. Nbd2 Nh7 12. Re1 Bg5 13. c3 Rb8 14. d4 bxc3 15. bxc3 exd4 16. cxd4 Bf6 17. Bb2 Nb4 18. Nc4 d5 19. exd5 Nxd5 20. Ba3 Re8 21. Rxe8+ Qxe8 22. Nd6 cxd6 23. Bxd5 Rb5 24. Bc4 Rxa5 25. Qd2 Rf5 26. Re1 Qd8 27. Qe2 Bd7 28. Bd3 Ra5 29. Bxd6 Ng5 30. Ne5 Bb5 31. Nc4 Ra4 32. Bc7 Qc8 33. Nb6 Bxd3 34. Qxd3 Rxd4 35. Qxd4 Qxc7 36. Qd3 Ne6 37. Nd5 Qd8 38. Rd1 Bd4 39. Qe4 Qa5 40. Nf4 Nxf4 41. Rxd4 Qa1+ 42. Kh2 Ne6 43. Ra4 Qf1 44. Qa8+ Kh7 45. Qa7 g5 46. Qxf7+ 1-0

[Event "Mitropa Cup 30th"]
[Site "Merlimont"]
[Date "2011.10.16"]
[Round "9.3"]
[White "Delorme, Laurie"]
[Black "Krejci, Jan1111"]
[Result "1/2-1/2"]
[WhiteElo "2223"]
[BlackElo "2489"]
[PlyCount "90"]
[EventDate "2011.10.08"]
[EventType "team-tourn"]
[EventRounds "9"]
[EventCountry "FRA"]
[SourceTitle "CBM 144 Extra"]
[Source "ChessBase"]
[SourceDate "2011.10.28"]
[SourceVersion "1"]
[SourceVersionDate "2011.10.28"]
[SourceQuality "1"]
[WhiteTeam "France II"]
[BlackTeam "Czech Republic"]
[WhiteTeamCountry "FRA"]
[BlackTeamCountry "CZE"]

1. d4 Nf6 2. c4 e6 3. Nf3 c5 4. d5 b5 5. Bg5 b4 6. a3 h6 7. Bxf6 Qxf6 8. Qd2 a5 9. e4 d6 10. Bd3 Nd7 11. 0-0 g6 12. Re1 Bg7 13. e5 dxe5 14. Be4 Ra6 15. axb4 cxb4 16. c5 0-0 17. Bd3 Nxc5 18. Bxa6 Nb3 19. Qe2 Nxa1 20. Bxc8 Rxc8 21. Qa6 Rd8 22. dxe6 Qxe6 23. Qxa5 Qd5 24. Qxd5 Rxd5 25. Nbd2 Nc2 26. Re4 Rd3 27. Kf1 Nd4 28. Rxd4 exd4 29. Ke2 Rxf3 30. Kxf3 f5 31. b3 Kf7 32. Ke2 Ke6 33. Kd3 Kd5 34. Nf3 g5 35. Ne1 Bf6 36. Nc2 Kc5 37. Ne1 h5 38. h3 h4 39. Nc2 g4 40. Ne1 Be5 41. Nc2 Bg7 42. Ne1 Kd5 43. Nc2 Kc5 44. Ne1 Kd5 45. Nc2 Ke5 1/2-1/2

[Event "Mitropa Cup 30th"]
[Site "Merlimont"]
[Date "2011.10.15"]
[Round "8.3"]
[White "Shytaj, Luca"]
[Black "Delorme, Laurie"]
[Result "1/2-1/2"]
[WhiteElo "2507"]
[BlackElo "2223"]
[PlyCount "116"]
[EventDate "2011.10.08"]
[EventType "team-tourn"]
[EventRounds "9"]
[EventCountry "FRA"]
[SourceTitle "CBM 144 Extra"]
[Source "ChessBase"]
[SourceDate "2011.10.28"]
[SourceVersion "1"]
[SourceVersionDate "2011.10.28"]
[SourceQuality "1"]
[WhiteTeam "Italy"]
[BlackTeam "France II"]
[WhiteTeamCountry "ITA"]
[BlackTeamCountry "FRA"]

1. e4 e5 2. Nf3 Nc6 3. Bb5 a6 4. Ba4 Nf6 5. d3 b5 6. Bb3 Be7 7. 0-0 0-0 8. Re1 d6 9. c3 Na5 10. Bc2 c5 11. Nbd2 Qc7 12. Nf1 Be6 13. Bg5 h6 14. Bxf6 Bxf6 15. Ne3 g6 16. a3 Bg7 17. b4 Nc6 18. Bb3 Bxb3 19. Qxb3 Nd8 20. a4 Rb8 21. axb5 axb5 22. Ra6 Ne6 23. Rea1 Nf4 24. g3 Qd7 25. Qd1 Ne6 26. Qb3 Nf4 27. Nh4 Nh3+ 28. Kg2 Ng5 29. Qd5 Kh7 30. Rxd6 Qh3+ 31. Kh1 cxb4 32. cxb4 Ne6 33. Rd7 Nf4 34. Qd6 Ra8 35. Rg1 Ne2 36. Re1 Ra2 37. Neg2 Nd4 38. Rd8 Rxd8 39. Qxd8 g5 40. Rf1 gxh4 41. Qxh4 Qxh4 42. Nxh4 Rb2 43. Kg2 Bf6 44. Nf3 Nxf3 45. Kxf3 Rxb4 46. Rc1 Rd4 47. Rc6 Kg7 48. Ke3 Bd8 49. f4 f6 50. h4 b4 51. fxe5 fxe5 52. Rc5 Bb6 53. Rb5 Rd6+ 54. Ke2 Rf6 55. Rxe5 b3 56. Rb5 b2 57. d4 Bxd4 58. Kd3 Rb6 1/2-1/2

[Event "Mitropa Cup 30th"]
[Site "Merlimont"]
[Date "2011.10.10"]
[Round "3"]
[White "Schiendorfer, Emanuel"]
[Black "Delorme, Laurie"]
[Result "1-0"]
[WhiteElo "2340"]
[BlackElo "2223"]
[PlyCount "77"]
[EventDate "2011.10.08"]
[EventType "team-tourn"]
[EventRounds "9"]
[EventCountry "FRA"]
[SourceTitle "CBM 144 Extra"]
[Source "ChessBase"]
[SourceDate "2011.10.28"]
[SourceVersion "1"]
[SourceVersionDate "2011.10.28"]
[SourceQuality "1"]
[WhiteTeam "Switzerland"]
[BlackTeam "France II"]
[WhiteTeamCountry "SUI"]
[BlackTeamCountry "FRA"]

1. d4 d5 2. c4 c6 3. Nc3 Nf6 4. Nf3 e6 5. Bg5 dxc4 6. e4 b5 7. e5 h6 8. Bh4 g5 9. Nxg5 hxg5 10. Bxg5 Nbd7 11. g3 Rg8 12. h4 Rxg5 13. hxg5 Nd5 14. g6 fxg6 15. Qg4 Qe7 16. Bg2 N7b6 17. Qxg6+ Kd8 18. a3 Qe8 19. Qxe8+ Kxe8 20. Ne4 Bd7 21. Rh7 Kd8 22. Bh3 Be7 23. Ke2 Kc7 24. Nc5 Bxc5 25. dxc5 Na4 26. Bxe6 Rd8 27. Bxd5 cxd5 28. e6 Nxc5 29. exd7 d4 30. Re1 Nxd7 31. Kd2 a6 32. Re6 a5 33. Re5 b4 34. Rc5+ Kb6 35. Rxc4 Nf6 36. Rh4 bxa3 37. bxa3 d3 38. Rcd4 Re8 39. Rd6+ 1-0

[Event "Mitropa Cup 30th"]
[Site "Merlimont"]
[Date "2011.10.09"]
[Round "2"]
[White "Barbot, Pierre"]
[Black "Delorme, Laurie"]
[Result "1-0"]
[WhiteElo "2225"]
[BlackElo "2223"]
[PlyCount "90"]
[EventDate "2011.10.08"]
[EventType "team-tourn"]
[EventRounds "9"]
[EventCountry "FRA"]
[SourceTitle "CBM 144 Extra"]
[Source "ChessBase"]
[SourceDate "2011.10.28"]
[SourceVersion "1"]
[SourceVersionDate "2011.10.28"]
[SourceQuality "1"]
[WhiteTeam "France III"]
[BlackTeam "France II"]
[WhiteTeamCountry "FRA"]
[BlackTeamCountry "FRA"]

1. e4 e5 2. d4 exd4 3. Nf3 Nc6 4. Nxd4 Nf6 5. Nxc6 bxc6 6. e5 Qe7 7. Qe2 Nd5 8. c4 Nb6 9. Nc3 Bb7 10. Bf4 g5 11. Bd2 0-0-0 12. h4 Re8 13. hxg5 Qxe5 14. 0-0-0 Ba6 15. Qxe5 Rxe5 16. b3 d5 17. Be3 Rxe3 18. fxe3 dxc4 19. Ne4 Ba3+ 20. Kb1 Re8 21. Nf6 Rxe3 22. Rxh7 Bb5 23. Rh3 Bc5 24. bxc4 Nxc4 25. Bxc4 Bxc4 26. Nd7 Rxh3 27. gxh3 Bf2 28. Ne5 Bd5 29. a3 Bg3 30. Nd3 Kd7 31. Nb4 Ke6 32. Nxd5 cxd5 33. Rd4 Bf2 34. Rf4 Bg3 35. Rf6+ Ke7 36. Ra6 Bf2 37. Kc2 Be3 38. h4 Kf8 39. Kd3 Bf2 40. h5 Bb6 41. a4 c5 42. a5 c4+ 43. Ke2 Bg1 44. Rc6 Bh2 45. h6 Kg8 1-0

[Event "EU-Cup 27th"]
[Site "Rogaska Slatina"]
[Date "2011.10.01"]
[Round "7"]
[White "Petrov, Marian"]
[Black "Delorme, Laurie"]
[Result "1-0"]
[WhiteElo "2537"]
[BlackElo "2223"]
[PlyCount "49"]
[EventDate "2011.09.25"]
[EventType "team-swiss"]
[EventRounds "7"]
[EventCountry "SLO"]
[SourceTitle "CBM 145"]
[Source "ChessBase"]
[SourceDate "2011.11.11"]
[SourceVersion "1"]
[SourceVersionDate "2011.11.11"]
[SourceQuality "1"]
[WhiteTeam "Naiden Voinov"]
[BlackTeam "Marseille"]
[WhiteTeamCountry "BUL"]
[BlackTeamCountry "FRA"]

1. e4 e5 2. Nf3 Nc6 3. Bc4 Nf6 4. d3 Be7 5. 0-0 0-0 6. Re1 d6 7. a4 Kh8 8. h3 Ng8 9. d4 f5 10. d5 Nb8 11. exf5 Bxf5 12. Bd3 Nd7 13. Nc3 Bxd3 14. cxd3 a5 15. Be3 Bf6 16. Rc1 Ne7 17. g4 Ng6 18. Ne4 h6 19. g5 Be7 20. gxh6 Nf4 21. hxg7+ Kxg7 22. Kh2 Rf5 23. Rg1+ Kh6 24. Nd4 exd4 25. Qg4 1-0

[Event "EU-Cup 27th"]
[Site "Rogaska Slatina"]
[Date "2011.09.25"]
[Round "1"]
[White "Delorme, Laurie"]
[Black "Franco Alonso, Alejandro"]
[Result "1/2-1/2"]
[WhiteElo "2223"]
[BlackElo "2469"]
[PlyCount "87"]
[EventDate "2011.09.25"]
[EventType "team-swiss"]
[EventRounds "7"]
[EventCountry "SLO"]
[SourceTitle "CBM 145"]
[Source "ChessBase"]
[SourceDate "2011.11.11"]
[SourceVersion "1"]
[SourceVersionDate "2011.11.11"]
[SourceQuality "1"]
[WhiteTeam "Marseille"]
[BlackTeam "Taldea Gros Xake"]
[WhiteTeamCountry "FRA"]
[BlackTeamCountry "ESP"]

1. d4 Nf6 2. c4 e6 3. g3 d5 4. Bg2 dxc4 5. Qa4+ Nbd7 6. Nf3 a6 7. Qxc4 b5 8. Qc6 Ra7 9. Bf4 Bb7 10. Qc2 c5 11. dxc5 Bxc5 12. 0-0 0-0 13. a4 b4 14. Nbd2 Qa8 15. Rac1 Rc8 16. Qb1 e5 17. Bg5 e4 18. Ne1 Bd5 19. Bh3 Rac7 20. Ng2 Re8 21. Be3 Be6 22. Bxe6 Rxe6 23. Nb3 Qc8 24. Nxc5 Nxc5 25. Bxc5 Rxc5 26. Rxc5 Qxc5 27. Rc1 Qe7 28. Ne3 h5 29. Qc2 Ng4 30. Rd1 Qf6 31. Nxg4 hxg4 32. Qc8+ Kh7 33. b3 e3 34. Rf1 Qe5 35. Qc2+ f5 36. f3 gxf3 37. Rxf3 g5 38. Rf1 a5 39. Rd1 Kg7 40. Qc8 Re8 41. Qd7+ Re7 42. Qd8 Re8 43. Qd7+ Re7 44. Qd8 1/2-1/2